000 003280000a22001450004500
003 MACL
040 _aMACL
090 _c5562
_d5561
100 _aChandel, A S
245 _aPalnning In Library Resource Sharing
260 _bPrint House
_c1987
350 _a175
650 _aLibrary And Information Science
942 _cBOOK
_k020
999 _c5520
_d5520